Problemas sociales /
Guardado en:
| Autor Principal: | |
|---|---|
| Formato: | Libro |
| Idioma: | Spanish English |
| Publicado: |
Buenos Aires :
Librería "El Ateneo" Editorial,
c1978.
|
| Series: | Serie de enseñanza programada. Sociología y ciencias políticas.
|
| Materias: | |
| Etiquetas: |
Agregar Etiqueta
Sin Etiquetas, Sea el primero en etiquetar este registro!
|
| LEADER | 00901nam a22002295 4500 | ||
|---|---|---|---|
| 001 | EAD.ead002157 | ||
| 008 | 080718s1978####ag############001#0#spa#d | ||
| 005 | 20100527164914.0 | ||
| 245 | 1 | 0 | |a Problemas sociales / |c Robert L. Horton ; coordinador editorial Roger H. Hermanson. |
| 260 | |a Buenos Aires : |b Librería "El Ateneo" Editorial, |c c1978. | ||
| 300 | |a xi, 148 p. ; |c 26 cm. | ||
| 490 | 1 | |a Serie de enseñanza programada. Sociología y ciencias políticas | |
| 500 | |a Traducción de: Programmed learning aid for social problems. | ||
| 500 | |a Incluye glosario-índice. | ||
| 100 | 1 | |a Horton, Robert L. | |
| 830 | 0 | |a Serie de enseñanza programada. |p Sociología y ciencias políticas. | |
| 082 | 0 | 4 | |a 301 |2 21 |
| 650 | 7 | |a Sociología. |2 unbist | |
| 650 | 7 | |a Problemas sociales. |2 unbist | |
| 650 | 7 | |a Pobreza. |2 unbist | |
| 041 | 1 | |a spa |h eng | |
| 859 | |a AR-BaBDC |b BIB. ADMINISTRACION - Libros |h 301 |i H789-1 |p b00640 | ||
